|
|
|
|
| LEADER |
00889nam a2200253 a 4500 |
| 001 |
c000163663 |
| 003 |
CARM |
| 005 |
20030520113557.0 |
| 008 |
840712s1960 enka b 001 0 eng d |
| 019 |
1 |
|
|a 3261851
|5 LACONCORD2021
|
| 020 |
|
|
|a 0117712450.
|
| 035 |
|
|
|a (OCoLC)220328104
|5 LACONCORD2021
|
| 040 |
|
|
|a D2035
|b eng
|c D2035
|d ABN-SNR
|
| 082 |
1 |
4 |
|a 623.89
|2 19
|
| 110 |
1 |
|
|a Great Britain.
|b Admiralty.
|
| 245 |
1 |
0 |
|a Admiralty manual of navigation.
|
| 250 |
|
|
|a New edition.
|
| 260 |
|
|
|a London :
|b H.M.S.O.,
|c 1960.
|
| 300 |
|
|
|a xi, 297 p. :
|b ill. ;
|c 25 cm.
|
| 504 |
|
|
|a Includes bibliographical references and index.
|
| 650 |
|
0 |
|a Navigation.
|
| 852 |
8 |
|
|b CARM
|h A2:AN25E0
|i C06017
|p 0229756
|f BK
|
| 999 |
f |
f |
|i 5f85eb3f-003f-51a9-8464-a768ed8ab130
|s 4846665a-005b-5255-b525-f7b54197bebf
|
| 952 |
f |
f |
|p Can circulate
|a CAVAL
|b CAVAL
|c CAVAL
|d CARM 1 Store
|e C06017
|f A2:AN25E0
|h Other scheme
|i book
|m 0229756
|